Bratislava Downtown - polyfunkčný objekt na nároží Košickej a Prístavnej ulice

Guardado en:
Detalles Bibliográficos
Autor principal: Kušnírová, Simona (Autor)
Otros Autores: Hain, Vladimír (Orientador)
Formato: Manuscrito Libro
Lenguaje:eslovaco
Publicado: Bratislava 2023
Materias:
Acceso en línea:http://is.stuba.sk/zp/portal_zp.pl?podrobnosti=171515
Etiquetas: Agregar Etiqueta
Sin Etiquetas, Sea el primero en etiquetar este registro!

MARC

LEADER 00000ntm a22000003a 4500
001 stuzp94168
003 SK-STU
005 20231009074314.7
007 ta
008 150427s2015----xo-----f-mn---000-0-slo-d
040 |a STU  |b slo 
041 0 |a slo 
100 1 |a Kušnírová, Simona  |u 054140  |4 aut  |U FAD Fakulta architektúry a dizajnu  |T FAD Ústav konštrukcií v architektúre a inžinierskych stavieb  |X 61955  |U A4140  |Y 395  |7 61955 
242 0 1 |a Bratislava Downtown - multifunctional building on the Košicka and Pristavna street crossing  |y eng 
245 1 0 |a Bratislava Downtown - polyfunkčný objekt na nároží Košickej a Prístavnej ulice 
260 |c 2023  |a Bratislava 
650 4 |a Dunaj  |2 slo 
650 4 |a prístav  |2 slo 
650 4 |a terminál  |2 slo 
650 4 |a harbor  |2 eng 
650 4 |a terminal  |2 eng 
650 4 |a Danube  |2 eng 
700 1 |a Hain, Vladimír  |u 054140  |k Z1  |4 ths  |U FAD Fakulta architektúry a dizajnu  |T FAD Ústav konštrukcií v architektúre a inžinierskych stavieb  |X 27763  |U A4140  |Y 395  |7 A000027763 
856 4 |u http://is.stuba.sk/zp/portal_zp.pl?podrobnosti=171515  |u https://opac.crzp.sk/?fn=detailBiblioForm&sid=1755732D0F093F437BA532EAC795